书目信息 |
| 题名: |
马克思主义哲学 政治经济学 科学社会主义 中国革命史问题解答
|
|
| 作者: | ;中共北京市委宣传部 编写 | |
| 分册: | ||
| 出版信息: | 北京 北京师范学院出版社 1986.05 |
|
| 页数: | 365页 | |
| 开本: | 19cm | |
| 丛书名: | ||
| 单 册: | ||
| 中图分类: | C44 | |
| 科图分类: | ||
| 主题词: | 社会科学--习题 , 社会科学--问答 | |
| 电子资源: | ||
| ISBN: | ||
| 000 | 00762nam0 2200217 45 | |
| 001 | 0503291656 | |
| 005 | 20050329171746.7 | |
| 010 | @dCNY1.85 | |
| 091 | @a7427.064 | |
| 100 | @a20050329d1986 km y0chiy0120 ea | |
| 101 | 0 | @achi |
| 105 | @a z 000yy | |
| 200 | 1 | @a马克思主义哲学 政治经济学 科学社会主义 中国革命史问题解答@AMa Ke Si Zhu Yi Zhe Xue Zheng Zhi Jing Ji Xue Ke Xue She Hui Zhu Yi Zhong Guo Ge Ming Shi Wen Ti Jie Da@f中共北京市委宣传部编写@FZhong Gong Bei Jing Shi Wei Xuan Chuan Bu Bian Xie |
| 210 | @a北京@c北京师范学院出版社@d1986.05 | |
| 215 | @a365页@d19cm | |
| 606 | 0 | @a社会科学@x习题 |
| 606 | 0 | @a社会科学@x问答 |
| 690 | @aC44@v3 | |
| 711 | 02 | @a中共北京市委宣传部@4编写 |
| 801 | @aCN@bPftUser@c20050329 | |
| 905 | @f1@b207146@dC44@e44 | |
| 马克思主义哲学 政治经济学 科学社会主义 中国革命史问题解答/中共北京市委宣传部编写.-北京:北京师范学院出版社,1986.05 |
| 365页;19cm |
| ISBN :CNY1.85 |
| ● |
| 相关链接 |
|
|
|
|
正题名:马克思主义哲学 政治经济学 科学社会主义 中国革命史问题解答
索取号:C44/44
 
预约/预借
| 序号 | 登录号 | 条形码 | 馆藏地/架位号 | 状态 | 备注 |
| 1 | 0207139 | 001119658 | 密集书库/ [索取号:C44/44] | 在馆 | |
| 2 | 0207140 | 002032641 | 密集书库/ [索取号:C44/44] | 在馆 | |
| 3 | 0207141 | 001119676 | 密集书库/ [索取号:C44/44] | 在馆 | |
| 4 | 0207142 | 001129362 | 密集书库/ [索取号:C44/44] | 在馆 | |
| 5 | 0207143 | 001391229 | 密集书库/ [索取号:C44/44] | 在馆 | |
| 6 | 0207144 | 001119667 | 密集书库/ [索取号:C44/44] | 在馆 | |
| 7 | 0207146 | 002032320 | 密集书库/ [索取号:C44/44] | 在馆 | |
| 8 | 0207147 | 001129371 | 密集书库/ [索取号:C44/44] | 在馆 | |
| 9 | 0207148 | 001390042 | 第一样本阅览室/ [索取号:C44/44] | 在馆 |